000 00974nas a2200253 i 4500
003 DO-SdBNP
005 20251217111758.0
007 ta
008 250918e1993 dr uu|p|r||||||0| | spa d
040 _aDO-SdBNP
_bspa
_cBNPHU
_erda
041 _aspa
245 _aPeriódico primicias :
_bla verdad siempre /
_cAlex Jiménez, presidente-director.
264 _aSanto Domingo, República Dominicana :
_bMultimedios Primicias,
_c1993.
300 _avolumen :
_bilustraciones, fotografias ;
_c36 cm.
310 _aDesconocida.
336 _atexto
_btxt
_2rdacontent
337 _asin mediación
_bn
_2rdamedia
338 _avolumen
_bnc
_2rdacarrier
362 _aNoviembre 1993.
500 _aPeriódico Primicias, cobertura mundial, periodismo de alta calidad profesional y ético, La Vedad Siempre.
650 0 _aDiarios dominicanos
_91041
_vPublicaciones periódicas
_zRepública Dominicana
700 _aJiménez, Alex
_988638
_epresidente-director
942 _2ddc
_cISSUE
999 _c59889
_d59889